Cedar Point Rides - Statistics

General Stats
  • This quiz has been taken 54 times
  • The average score is 10 of 15
Answer Stats
Hint Answer % Correct
Tallest and fastest roller coaster at Cedar Point Top Thrill Dragster
100%
World's first coaster over 200 feet. Magnum
88%
New, renovation of a old wooden roller coaster Steel Vengeance
85%
World's tallest fastest and longest wing coaster. Gatekeeper
83%
Very intense launched coaster in Frontiertown. Maverick
75%
You can either choose to be dropped down or shot up on this drop tower. Power Tower
75%
Renovation of cedar point's old standup roller coaster. Rougarou
75%
Swooping roller coaster over the cedar point lagoon. Iron Dragon
70%
Kiddie coaster that gives mild thrills in camp snoopy. Wilderness Run
60%
A gigantic swing-set. Skyhawk
58%
Takes you on a relaxing journey over the main midway. Sky ride
55%
The "second tallest and second fastest" ride at cedar point. Costs extra money to ride. Slingshot
55%
Massive boat ride in frontiertown. Snake River Falls
53%
Family roller coaster located on the gemini midway. Pipe Scream
48%
One of the only racing carousels in the world. Cedar Downs
43%
No matching quizzes found
Score Distribution
Percent of People with Each Score
Percentile by Number Answered
Your Score History
You have not taken this quiz